000 00773cab a2200217 4500
001 ABS46678
008 090401t1992 xxu||||| |||| 00| 0 eng d
035 _a(Sirsi) u59143
041 _aeng
245 _aConstruction maintenance and refurbishment `LINK` programme
260 _c1992
350 _a0
490 _aRICS Explorer
_v(5) June 1992, 9-10(2)
520 _aReports on the involvement of the RICS in two government sponsored `LINK` programme projects, the first working on the development of an expert system for flat roof proglem diagnosis and secondly the establishment of best practice in facilities management.
650 _aDOE
650 _aLINK PROGRAMME
650 _aSERC
690 _aBUILT ENVIRONMENT
942 _n0
948 _c04/03/1997
999 _c36242
_d36242